video game consoles - Statistics

General Stats
  • This quiz has been taken 32 times
  • The average score is 8 of 13
Answer Stats
Picture Answer % Correct
wii
96%
xbox
96%
gameboy
93%
apple
89%
switch
89%
gamecube
81%
ds
67%
n64
44%
dreamcast
37%
snes
37%
saturn
33%
ps5
26%
genisis
11%
No matching quizzes found
Score Distribution
Percent of People with Each Score
Percentile by Number Answered
Your Score History
You have not taken this quiz